000 00387 a2200169 4500
001 192425
020 _a978-85-69062-18-9
040 _cMagnum
100 _aMoreira, Luciana Neves
240 1 0 _aO menino que morava na nuvem
_lpor
245 1 0 _aO menino que morava na nuvem
300 _a23
362 0 _a2016
440 1 _aRamalhete
697 _aLITERATURA INFANTO
942 _cBK
999 _c192425
_d192425